000 00922nam a2200205 i 4500
001 22467
003 ES-MaACL
005 20250718042044.0
007 t|
008 021203s1841 sp |||| | spa d
100 1 _aAlió, José Ignacio.
_919939
245 1 0 _aBosquejo de un plan general de instrucción pública, lo propone al Gobierno, y lo da a luz, a favor de los establecimientos literarios de España /
_cJosé Ignacio Alió.
260 _aCervera :
_b[s.n.],
_c1841 (
_fImp. de la Universidad, por Francisco Beleta)
300 _a32 p., [1] h. pleg. ;
_c18 cm.
650 4 _aEnseñanza-
_zEspaña-
_yS.XIX
_912286
650 4 _aEnseñanza pública-
_zEspaña.
_912311
852 4 _aES-MaACL
_jT-20-F-8
_z- Enc. hol., falto de cub. original
_z- Enc. en un vol. facticio
852 4 _aES-MaACL
_jT-20-F-18
_z- Enc. hol., falto de cub. original
_z- Enc. en un vol. facticio
999 _c22467
_d22467